000 00379 a2200133 4500
001 88087
082 _aPR 326
090 _c41497
_d41497
100 _aAftab Hussain, 35384
245 _aComparitive study of old and new exhaust systems of super mushshak
260 _aRisalpur
_bNUST Rislapur
_c2004
300 _aviii, 54p.
_eAbdul Naeem Khan, Dr
500 _aBE Project Reports
942 _aCAE NUST
_kPR 326
999 _c323160
_d323160